Parts of London, Ontario Quiz - Statistics

General Stats
  • This quiz has been taken 26 times
  • The average score is 6 of 53
Answer Stats
Answer % Correct
Midtown
75%
Masonville
55%
Fanshawe
35%
Hyde Park
35%
Westmount
35%
Byron
30%
Sunningdale
30%
East London
25%
Oakridge
25%
Medway
20%
South London
20%
West London
20%
White Oaks
20%
Huron Heights
15%
Lambeth
15%
North London
15%
Old East Village
15%
Stoney Creek
15%
White Hills
15%
Wortley
15%
Airport
10%
Argyle
10%
Fox Hollow
10%
Pond Mills
10%
Stoneybrook
10%
Uplands
10%
Westminster
10%
Broughdale
5%
Carling
5%
Glen Cairn
5%
Northcrest
5%
Riverbend
5%
Trafalgar Heights
5%
Wilton Grove
5%
Berkshire Village
0%
Bostwick
0%
Bradley
0%
Chelsea Green
0%
Cleardale
0%
Fairmont
0%
Highland
0%
Huntington
0%
Jackson
0%
Longwoods
0%
Manor Park
0%
Nelson Park
0%
Old Victoria
0%
Scottsville
0%
Sharon Creek
0%
Southcrest
0%
Talbot
0%
The Gore
0%
The Grove
0%
No matching quizzes found
Score Distribution
Percent of People with Each Score
Percentile by Number Answered
Your Score History
You have not taken this quiz